Gaming Quiz

Random Gaming or Video Games Quiz

Champions in League of Legends Quiz Stats

 Plays Quiz Updated May 24, 2021

     
Support Sporcle.
Go Orange.
Score 0/157 Timer 15:00
30 Plays Today
% Correct
Aatrox
92%
Darius
89.9%
Annie
88.7%
Garen
88.4%
Zed
88.2%
Ahri
88.2%
Ashe
87.9%
Akali
87.7%
Yasuo
87.7%
Yone
85.9%
Vi
85.7%
Lux
84.6%
Caitlyn
83.8%
Blitzcrank
83.6%
Ezreal
82%
Draven
81.8%
Anivia
81.7%
Jinx
81.3%
Teemo
81%
Viego
80.3%
Lucian
80%
Alistar
79.9%
Thresh
79.7%
Kai'Sa
79.7%
Amumu
79.6%
Katarina
79.2%
Azir
79.1%
Senna
79%
Lulu
78.9%
Vex
78.7%
Kha'Zix
78.5%
Miss Fortune
78.3%
Braum
77.8%
Jhin
77.8%
Akshan
77.7%
Leona
77.6%
Zyra
77.3%
Brand
76.8%
Irelia
76.7%
Tristana
76.7%
Vayne
76.5%
Aphelios
76.5%
Nasus
75.3%
Renekton
75.1%
Morgana
75.1%
Aurelion Sol
74.8%
Xayah
74.7%
Master Yi
74.6%
Zoe
74.2%
Ekko
74%
Seraphine
74%
Fiora
73.8%
Cho'Gath
73.8%
% Correct
Bard
73.6%
Rakan
73.4%
Zilean
73.1%
Lee Sin
73.1%
Xerath
73%
Gwen
72.8%
Nautilus
72.7%
Graves
72.7%
Gangplank
72.5%
Warwick
72.4%
Evelynn
72.3%
Heimerdinger
72.2%
Jarvan IV
72%
Soraka
71.9%
Diana
71.8%
Sett
71.6%
Yuumi
71.5%
Jax
71.4%
Samira
71.4%
Zac
71.4%
Rengar
71.2%
Pyke
71%
Janna
70.9%
Fizz
70.6%
Sona
70.7%
Kassadin
70.6%
Hecarim
70.5%
Malphite
70.1%
Kayle
70%
Twisted Fate
69.6%
Vel'Koz
69.6%
Nunu
69.5%
Kayn
69.4%
Camille
69.3%
Kalista
69.3%
Ziggs
69.2%
Urgot
69%
Mordekaiser
68.8%
Shen
68.6%
Veigar
68.3%
Volibear
68.2%
Talon
68%
Maokai
67.8%
Rek'Sai
67.7%
Orianna
67.6%
Cassiopeia
67.5%
Fiddlesticks
67.4%
Tryndamere
67.4%
Elise
67.4%
Lissandra
67.2%
Corki
67.2%
Ivern
67.1%
Varus
67.1%
% Correct
Riven
67%
Sylas
67%
Yorick
66.8%
Ornn
66.8%
Dr. Mundo
66.6%
Jayce
66.5%
Kog'Maw
66.5%
Nami
66.4%
Kennen
66.4%
Karma
66.3%
Poppy
66.2%
Xin Zhao
66.2%
Sivir
66%
Galio
65.9%
Viktor
65.8%
Syndra
65.8%
Nidalee
65.7%
Udyr
65.4%
Karthus
65.4%
Gnar
65.2%
Sejuani
64.9%
Sion
64.8%
Pantheon
64.8%
Gragas
64.7%
Quinn
64.6%
Rell
64.6%
Qiyana
64.4%
LeBlanc
63.9%
Neeko
63.8%
Illaoi
63.7%
Twitch
63.6%
Ryze
63.4%
Lillia
63.3%
Malzahar
63.2%
Rumble
63%
Swain
62.2%
Olaf
62.1%
Taric
61.8%
Singed
61.5%
Shaco
61.5%
Rammus
61.5%
Nocturne
61.3%
Kled
60.1%
Shyvana
59.9%
Vladimir
59.8%
Tahm Kench
59.7%
Kindred
59.4%
Wukong
58.2%
Trundle
56.8%
Taliyah
55.3%
Skarner
51.7%

From the Vault

Sunday Crossword: Four-Letter Countries

by Zipcity

Four decades ago, USSR would surely have made it.
Remove Ads.
Support Sporcle.
Get the best of Sporcle when you Go Orange. This ad-free experience offers more features, more stats, and more fun while also helping to support Sporcle. Thank you for becoming a member.

Show Comments

Extras

Top Quizzes Today


Score Distribution

Your Account Isn't Verified!

In order to create a playlist on Sporcle, you need to verify the email address you used during registration. Go to your Sporcle Settings to finish the process.

Report this User

Report this user for behavior that violates our Community Guidelines.

Details: